【プロ野球】 アウフタクトで始まる応援歌(2) - Statistics

General Stats
  • This quiz has been taken 24 times
  • The average score is 10 of 18
Answer Stats
応援歌 選手名 % Correct
大空へと願い込めて その翼広げ 蒼き丘に立つ勇姿よ 〇〇抱け 廣岡大志
89%
揺るがぬ確かなプライド 決め球斬る一太刀 仕留めろ鮮やかに 魅せろ〇〇〇〇 ブランコ
84%
ここで男上げろ 打つぞバット響かせて 明日のカープ担うは 〇〇〇〇 天谷宗一郎
84%
鍛え上げられた躰 そのハートも熱い 王者の道掴むぞ 魅せろ〇〇 村松有人
79%
ホームベース守り抜け 我らの司令塔 刺せ白い矢で 〇〇〇〇 黒羽根利規
79%
ノースカロライナパワー ホームラン〇〇 大地に万里風吹かせよ 熱くなれハンマー・〇〇 スレッジ
79%
南の夜空に赤く 輝くいちばん星 広島に優勝を運ぶ 〇〇〇〇 石原慶幸
74%
しなる左を武器に 〇〇が魅せる舞台 華麗な腕が魅せる 誰も打てぬ球を 和田毅
68%
溢れる闘志を さあ見せてやれ 鮮烈な打球を 打ち飛ばせ  栗原陵矢
63%
君は頼れる左バッター 〇〇〇〇 その名をとどろかせろ さあ振り抜け強く 金澤岳
58%
魅せろプライド扉蹴破れ さらなる光へ向かって 胸に秘めたその想いを 空に放て 畠山和洋
53%
今だ目の覚める一打を スタンドにぶち込め 振り抜いた打球は 空に突き刺さる 高田知季
37%
鋭い打球が唸る 風を斬る 〇〇が魅せる男の 心意気を 岡田彰布
37%
アクセル全開 魅せろ快速だ〇〇 俊敏華麗な 足が自慢のフィールドダンサー 石本努
37%
大きな希望を その胸に抱き 光のアーチを 架けろよ空高く  吉永幸一郎
32%
行くぞ狙いは盗塁王 塁に出たら走れ ここが男の見せ所 燃えろ〇〇 高橋慶彦
32%
〇〇見せてやれ 刺さる球を 伸びる球も切れる球も 手は出ない  新垣渚
32%
想い込めた歌に乗せて 魅せろ亮太 君の手で掴み取れ 勝利の瞬間を 谷内亮太
21%
No matching quizzes found
Score Distribution
Percent of People with Each Score
Percentile by Number Answered
Your Score History
You have not taken this quiz